[Event "Ïåðâåíñòâî Ìîñêâû ïî øàõìàòàì"]
[Site "Ìîñêâà, ÌÃÈÌÎ ïð. Âåðíàäñêîãî,"]
[Date "2018.11.19"]
[Round "2.3"]
[White "Godzhurov, Lidzhi"]
[Black "Asatryan, Leon"]
[Result "1-0"]
[WhiteElo "1790"]
[BlackElo "1618"]
[PlyCount "69"]
[EventDate "2018.11.18"]

1. Nf3 d5 2. g3 c5 3. Bg2 Nf6 4. O-O Nc6 5. d4 cxd4 6. Nxd4 e5 7. Nxc6 bxc6 8.
c4 Be6 9. Nc3 Bc5 10. Bg5 Bd4 11. cxd5 cxd5 12. Bxf6 gxf6 13. Nb5 Bb6 14. Nc3
Bd4 15. Qa4+ Bd7 16. Qa3 Bc6 17. Rac1 Qe7 18. Qa6 Qb7 19. Qxb7 Bxb7 20. Nb5 O-O
21. Nxd4 exd4 22. Rc7 Rab8 23. Rd1 Rfe8 24. Bf3 Ba6 25. Bxd5 Rxe2 26. Rxa7 Rd8
27. Rxd4 Re1+ 28. Kg2 Bf1+ 29. Kf3 Kg7 30. Rxf7+ Kg6 31. Rg4+ Kf5 32. Rf4+ Kg5
33. h4+ Kh5 34. Rf5+ Kg6 35. R5xf6+ 1-0

[Event "Ïåðâåíñòâî Ìîñêâû ïî øàõìàòàì"]
[Site "Ìîñêâà, ÌÃÈÌÎ ïð. Âåðíàäñêîãî,"]
[Date "2018.11.19"]
[Round "2.4"]
[White "Azimov, Timur"]
[Black "Korolev, Kirill"]
[Result "0-1"]
[WhiteElo "1408"]
[BlackElo "1505"]
[PlyCount "110"]
[EventDate "2018.11.18"]

1. e4 c5 2. Nf3 Nc6 3. d4 cxd4 4. Nxd4 Qb6 5. Nb3 Nf6 6. Nc3 e6 7. Bd3 Be7 8.
O-O O-O 9. Be3 Qc7 10. f4 d6 11. Qf3 a6 12. Nd4 Bd7 13. Nce2 Nb4 14. Ng3 Rac8
15. a3 Nc6 16. h3 Rfe8 17. Nh5 Nxh5 18. Qxh5 Bf6 19. c3 Re7 20. Nxc6 Bxc6 21.
Bd4 Bxd4+ 22. cxd4 Qb6 23. Kh1 Qxd4 24. Rad1 Qxb2 25. f5 exf5 26. Qxf5 Rce8 27.
Bc4 Rf8 28. Rxd6 h6 29. Bd3 Qe5 30. Qxe5 Rxe5 31. Rf4 Ra5 32. Rg4 Rxa3 33. Bc4
Ra4 34. Bd3 Kh8 35. Bc2 Rb4 36. Rd2 Re8 37. Re2 f5 38. Rg6 Bxe4 39. Bxe4 Rbxe4
40. Rd2 R4e6 41. Rg3 Kh7 42. Rd7 R8e7 43. Rd5 f4 44. Rf3 Re4 45. Ra5 g5 46. Rb3
Re1+ 47. Kh2 Rc1 48. Ra2 Kg8 49. Rab2 Ree1 50. g3 Rh1+ 51. Kg2 Rcg1+ 52. Kf2
Rf1+ 53. Ke2 fxg3 54. Rxb7 g2 55. Rb8+ Rf8 0-1

[Event "Ïåðâåíñòâî Ìîñêâû ïî øàõìàòàì"]
[Site "Ìîñêâà, ÌÃÈÌÎ ïð. Âåðíàäñêîãî,"]
[Date "2018.11.19"]
[Round "2.5"]
[White "Anisimov, Yuryi"]
[Black "Safinov, Artyom"]
[Result "1-0"]
[WhiteElo "1607"]
[BlackElo "1452"]
[PlyCount "107"]
[EventDate "2018.11.18"]

1. d4 d5 2. c4 c6 3. Nc3 Nf6 4. Nf3 dxc4 5. Ne5 Bf5 6. Nxc4 e6 7. Bg5 Be7 8. e3
O-O 9. Be2 Nbd7 10. O-O h6 11. Bf4 Nb6 12. Qb3 Nxc4 13. Bxc4 Qb6 14. Rac1 Qxb3
15. Bxb3 Rac8 16. h3 Rfd8 17. Rfd1 c5 18. dxc5 Rxd1+ 19. Rxd1 Bxc5 20. Nb5 g5
21. Bd6 Bb6 22. Nd4 Bh7 23. Nxe6 Rc6 24. Be5 fxe6 25. Bxf6 Kf7 26. Rd7+ Kxf6
27. Rxh7 Bc7 28. g3 Kg6 29. Rd7 Kf5 30. Kg2 b5 31. Kf3 a5 32. a4 b4 33. Bd1 Be5
34. b3 Rd6 35. Bc2+ Kf6 36. Rh7 Rd2 37. Be4 Rb2 38. Rxh6+ Ke7 39. Rh7+ Kd8 40.
Ra7 Bc7 41. Ra6 Rxb3 42. Rxe6 Rc3 43. h4 gxh4 44. gxh4 Rc5 45. Rc6 Rh5 46. Kg4
Re5 47. f3 b3 48. Rc3 b2 49. Rb3 Rxe4+ 50. fxe4 Be5 51. Kf3 Ke7 52. Ke2 Kf6 53.
Rb6+ Kg7 54. Kd3 1-0

[Event "Ïåðâåíñòâî Ìîñêâû ïî øàõìàòàì"]
[Site "Ìîñêâà, ÌÃÈÌÎ ïð. Âåðíàäñêîãî,"]
[Date "2018.11.19"]
[Round "2.6"]
[White "Kotel'nikov, Konstantin"]
[Black "Amirdzhanyan, Vladimir"]
[Result "0-1"]
[WhiteElo "1370"]
[BlackElo "1601"]
[PlyCount "74"]
[EventDate "2018.11.18"]

1. e4 c5 2. Nf3 e6 3. d4 cxd4 4. Nxd4 Nf6 5. Nc3 d6 6. Be3 a6 7. f3 b5 8. Qd2
Bb7 9. g4 Be7 10. O-O-O Qc7 11. Kb1 Nc6 12. g5 Nd7 13. Bh3 Nde5 14. Qf2 Nc4 15.
Bg2 Rc8 16. f4 Nxd4 17. Bxd4 e5 18. fxe5 dxe5 19. Bh3 exd4 20. Bxc8 Qxc8 21.
Qxd4 O-O 22. Nd5 Bc5 23. Qc3 Re8 24. Rhe1 a5 25. Qg3 Bd6 26. Qg2 Bxd5 27. Rxd5
Qc6 28. Rf5 Be5 29. c3 Qd7 30. Qe2 Qe6 31. Rf2 b4 32. cxb4 axb4 33. Qd3 g6 34.
Ref1 Nd6 35. Qd5 Qxd5 36. exd5 Bd4 37. Rd1 Bxf2 0-1

[Event "Ïåðâåíñòâî Ìîñêâû ïî øàõìàòàì"]
[Site "Ìîñêâà, ÌÃÈÌÎ ïð. Âåðíàäñêîãî,"]
[Date "2018.11.19"]
[Round "2.7"]
[White "Maranin, Sergey"]
[Black "Zatsepin, Egor"]
[Result "1-0"]
[WhiteElo "1370"]
[BlackElo "1191"]
[PlyCount "81"]
[EventDate "2018.11.18"]

1. d4 d5 2. Nf3 Nf6 3. c4 e6 4. Nc3 Be7 5. Bf4 Nbd7 6. e3 O-O 7. c5 Nh5 8. Bd3
Nxf4 9. exf4 Nf6 10. Ne5 c6 11. O-O Bd7 12. b4 b6 13. Qc2 bxc5 14. bxc5 Qc7 15.
Rab1 Rab8 16. g4 g6 17. Kh1 Kg7 18. Qd2 h5 19. f3 Rh8 20. f5 hxg4 21. Rxb8 Qxb8
22. fxg4 Nxg4 23. Nxg4 exf5 24. Ne5 Qc7 25. Rb1 Bh4 26. Kg2 f6 27. Nf3 Bg5 28.
Qf2 Bf4 29. h3 g5 30. Ne2 g4 31. Nfg1 Bh2 32. Bxf5 Re8 33. Bxg4 Bxg4 34. hxg4
Re4 35. Qf3 Bxg1 36. Kxg1 Qe7 37. Kf2 f5 38. Ng3 fxg4 39. Qxe4 Qf6+ 40. Nf5+
Kf7 41. Rb7+ 1-0

[Event "Ïåðâåíñòâî Ìîñêâû ïî øàõìàòàì"]
[Site "Ìîñêâà, ÌÃÈÌÎ ïð. Âåðíàäñêîãî,"]
[Date "2018.11.19"]
[Round "2.8"]
[White "Shadyev, Damir"]
[Black "Andreev, Konstantin"]
[Result "1/2-1/2"]
[WhiteElo "1250"]
[BlackElo "1589"]
[PlyCount "119"]
[EventDate "2018.11.18"]

1. e4 e5 2. Nf3 Nc6 3. Bc4 Bc5 4. c3 Nf6 5. d3 d6 6. Bb3 O-O 7. h3 Be6 8. Nbd2
a5 9. Nf1 d5 10. Qe2 dxe4 11. dxe4 Qe7 12. Bc2 Rfd8 13. Ng3 Rab8 14. a4 Nd7 15.
Ng5 h6 16. Nxe6 fxe6 17. O-O Rf8 18. Bd3 Qh4 19. Be3 Bxe3 20. Qxe3 Rf6 21. Bc4
Rbf8 22. Rad1 Nb6 23. Bb3 Kh7 24. Qe2 Rg6 25. Qh5 Qf4 26. Rd3 Rd8 27. Rxd8 Nxd8
28. Rd1 Nf7 29. Qe2 Qg5 30. Rd3 Nd6 31. Qd2 Qh4 32. Qe2 Nd7 33. Rf3 Qg5 34. Qe3
Qxe3 35. Rxe3 Nc5 36. Bc2 b6 37. b4 Ncb7 38. bxa5 Nxa5 39. Bd3 Rf6 40. Bb5 c6
41. Bd3 Rf8 42. Re1 Nac4 43. Bxc4 Nxc4 44. Rb1 c5 45. f3 Ra8 46. Ra1 Nb2 47.
Ne2 Rxa4 48. Rxa4 Nxa4 49. Kf2 c4 50. Ke3 Nc5 51. f4 Kg6 52. fxe5 Nd7 53. Nf4+
Kf7 54. Kd4 b5 55. g4 g5 56. Nh5 Ke7 57. Ng7 Kf7 58. Nh5 Ke7 59. Ng7 Kf7 60.
Nh5 1/2-1/2

[Event "Ïåðâåíñòâî Ìîñêâû ïî øàõìàòàì"]
[Site "Ìîñêâà, ÌÃÈÌÎ ïð. Âåðíàäñêîãî,"]
[Date "2018.11.19"]
[Round "2.9"]
[White "Sepiyashvilli, Ivan"]
[Black "Razhbadinov, Rasul"]
[Result "1/2-1/2"]
[WhiteElo "1636"]
[BlackElo "1529"]
[PlyCount "26"]
[EventDate "2018.11.18"]

1. e4 e5 2. Nf3 Nc6 3. Bb5 a6 4. Ba4 Nf6 5. O-O b5 6. Bb3 Be7 7. Re1 O-O 8. h3
d6 9. c3 Re8 10. Ng5 Rf8 11. Nf3 Re8 12. Ng5 Rf8 13. Nf3 Re8 1/2-1/2

[Event "Ïåðâåíñòâî Ìîñêâû ïî øàõìàòàì"]
[Site "Ìîñêâà, ÌÃÈÌÎ ïð. Âåðíàäñêîãî,"]
[Date "2018.11.19"]
[Round "2.10"]
[White "Kalashnikov, Mikhail"]
[Black "Samarov, Vladimir"]
[Result "1-0"]
[WhiteElo "1252"]
[BlackElo "1272"]
[PlyCount "31"]
[EventDate "2018.11.18"]

1. e4 c5 2. Nf3 Nc6 3. d4 cxd4 4. Nxd4 e5 5. Nb5 d6 6. N1c3 a6 7. Na3 Nf6 8.
Bg5 Be7 9. Bxf6 Bxf6 10. Nd5 O-O 11. c3 Bg5 12. Nc2 Be6 13. Bc4 b5 14. Bd3 Bxd5
15. exd5 Na5 16. h4 {çàïèñü íå ÿñíà} 1-0

[Event "Ïåðâåíñòâî Ìîñêâû ïî øàõìàòàì"]
[Site "Ìîñêâà, ÌÃÈÌÎ ïð. Âåðíàäñêîãî,"]
[Date "2018.11.19"]
[Round "2.11"]
[White "Osipenko, Ivan"]
[Black "Voronin, Nikita"]
[Result "1-0"]
[WhiteElo "1638"]
[BlackElo "1358"]
[PlyCount "61"]
[EventDate "2018.11.18"]

1. d4 d5 2. c4 c6 3. Nf3 Nf6 4. Qc2 g6 5. Nbd2 Bf5 6. Qb3 Qb6 7. e3 Bg7 8. cxd5
Qxb3 9. Nxb3 Nxd5 10. Bd2 Nd7 11. Rc1 N7f6 12. Nc5 b6 13. Nb3 Rc8 14. Ne5 Bd7
15. Ba6 Rc7 16. Nxd7 Kxd7 17. Bd3 e6 18. a4 a5 19. Ke2 Nb4 20. Bxb4 axb4 21.
Rc4 Bf8 22. Rhc1 Be7 23. a5 b5 24. R4c2 Nd5 25. g3 f5 26. a6 Ra8 27. Na5 b3 28.
Rxc6 Rxc6 29. Bxb5 Rb8 30. Bxc6+ Kd6 31. a7 1-0

[Event "Ïåðâåíñòâî Ìîñêâû ïî øàõìàòàì"]
[Site "Ìîñêâà, ÌÃÈÌÎ ïð. Âåðíàäñêîãî,"]
[Date "2018.11.19"]
[Round "2.12"]
[White "Yakushkov, Pavel"]
[Black "Kondrashev, Kirill"]
[Result "1/2-1/2"]
[WhiteElo "1656"]
[BlackElo "1523"]
[PlyCount "84"]
[EventDate "2018.11.18"]

1. d4 d5 2. Bf4 Nf6 3. e3 c5 4. c3 Nc6 5. Nd2 Bf5 6. Ngf3 Qb6 7. Qb3 c4 8. Qxb6
axb6 9. a3 h6 10. h3 e6 11. Be2 Be7 12. O-O O-O 13. g4 Bh7 14. Rfe1 Ra7 15. Ne5
Nxe5 16. Bxe5 Nd7 17. Bg3 b5 18. Bd1 b4 19. a4 b3 20. e4 Bxe4 21. Nxe4 dxe4 22.
Rxe4 Nf6 23. Re5 Bd6 24. Rb5 Bxg3 25. fxg3 Rfa8 26. a5 b6 27. Be2 Ne8 28. Bxc4
Nd6 29. Rb4 bxa5 30. Rba4 Nxc4 31. Rxc4 a4 32. Ra3 Kf8 33. Kf2 Ke7 34. Ke3 Kd6
35. Ke4 g6 36. Rb4 Ra5 37. c4 f5+ 38. gxf5 exf5+ 39. Kd3 Kc6 40. c5 Kd5 41. Rb7
R8a7 42. Rb8 Ra8 1/2-1/2

[Event "Ïåðâåíñòâî Ìîñêâû ïî øàõìàòàì"]
[Site "Ìîñêâà, ÌÃÈÌÎ ïð. Âåðíàäñêîãî,"]
[Date "2018.11.19"]
[Round "2.13"]
[White "Yusupov, Il'ya"]
[Black "Sarkisyan, Sarkis"]
[Result "0-1"]
[WhiteElo "1461"]
[BlackElo "1327"]
[PlyCount "78"]
[EventDate "2018.11.18"]

1. d4 e6 2. c4 f5 3. Nc3 Bb4 4. e3 Bxc3+ 5. bxc3 Nf6 6. Ba3 d6 7. Qc2 O-O 8.
Bd3 Nc6 9. Nf3 Qe8 10. c5 d5 11. Nd2 Qg6 12. O-O-O Ne4 13. Rdf1 Rf6 14. f3 Nxd2
15. Qxd2 Bd7 16. g4 Qh6 17. Rfg1 fxg4 18. fxg4 Rf3 19. Be2 Rxe3 20. Bb2 Rxe2
21. g5 Qh5 22. Qd3 Re4 23. Qg3 e5 24. h3 Rf8 25. g6 Qxg6 26. Qh2 Qh6+ 27. Kb1
Ref4 28. Bc1 exd4 29. Bxf4 Qxf4 30. cxd4 Bf5+ 31. Ka1 Qxd4+ 32. Qb2 Qxb2+ 33.
Kxb2 d4 34. Rh2 Ne5 35. Rhg2 g6 36. h4 d3 37. Rg3 d2 38. Kc3 Bg4 39. Kxd2 Nf3+
0-1

[Event "Ïåðâåíñòâî Ìîñêâû ïî øàõìàòàì"]
[Site "Ìîñêâà, ÌÃÈÌÎ ïð. Âåðíàäñêîãî,"]
[Date "2018.11.19"]
[Round "2.14"]
[White "Krivenko, Dmitryi"]
[Black "Dneprov, Andrei"]
[Result "1-0"]
[WhiteElo "1887"]
[BlackElo "1344"]
[PlyCount "124"]
[EventDate "2018.11.18"]

1. d4 Nf6 2. c4 e6 3. g3 d5 4. Bg2 c5 5. cxd5 exd5 6. Nf3 Nc6 7. O-O Be6 8. Nc3
Be7 9. a3 Rc8 10. dxc5 Bxc5 11. b4 Bb6 12. Bb2 O-O 13. Qd3 d4 14. Na4 Re8 15.
Rac1 Bd5 16. Nxb6 axb6 17. Nxd4 Bxg2 18. Kxg2 Qd5+ 19. Kg1 Ne5 20. Qf5 Nc4 21.
Qxd5 Nxd5 22. Rc2 Nxb2 23. Rxb2 Nc3 24. Rc2 Ne4 25. Rfc1 Rcd8 26. e3 g6 27. h4
Nd6 28. Kg2 Ra8 29. Rc3 Ne4 30. Rd3 Nd6 31. Rc7 Red8 32. Rdc3 Ne4 33. Rb3 Nd6
34. Kf3 Re8 35. Rd3 Red8 36. Rdc3 Kf8 37. g4 h6 38. g5 hxg5 39. hxg5 Ra6 40.
Rd3 Raa8 41. a4 Re8 42. Nb5 Nxb5 43. axb5 Re7 44. Rdd7 Rxd7 45. Rxd7 Ra7 46.
Ke4 Ke8 47. Rc7 Ra4 48. Ke5 Rxb4 49. Kf6 Rxb5 50. Re7+ Kd8 51. Rxf7 Ke8 52.
Re7+ Kf8 53. Rxb7 Rf5+ 54. Kxg6 Rxf2 55. Rxb6 Ke7 56. e4 Re2 57. Kf5 Rf2+ 58.
Ke5 Ra2 59. Rb7+ Kf8 60. Rd7 Ra6 61. Rd6 Ra5+ 62. Kf6 Ke8 1-0

[Event "Ïåðâåíñòâî Ìîñêâû ïî øàõìàòàì"]
[Site "Ìîñêâà, ÌÃÈÌÎ ïð. Âåðíàäñêîãî,"]
[Date "2018.11.19"]
[Round "2.15"]
[White "Tarasov, Lev"]
[Black "Savichev, Ivan"]
[Result "1/2-1/2"]
[WhiteElo "1323"]
[BlackElo "1453"]
[PlyCount "140"]
[EventDate "2018.11.18"]

1. d4 d5 2. c4 c6 3. Nc3 Nf6 4. Nf3 g6 5. Bg5 Bg7 6. e3 O-O 7. Be2 Re8 8. O-O
a6 9. Rc1 dxc4 10. Bxc4 b5 11. Bd3 Bb7 12. Ne4 Nbd7 13. Nc5 Qb6 14. Qc2 Rac8
15. Rfd1 Rc7 16. Bf4 Rcc8 17. h3 Ba8 18. Bh2 Rcd8 19. Ne5 Nxe5 20. Bxe5 Nd5 21.
Bxg7 Kxg7 22. Qe2 e5 23. Qg4 Nf6 24. Qg3 exd4 25. e4 Nd7 26. b4 Nxc5 27. bxc5
Qa5 28. Rc2 Rd7 29. f4 Qd8 30. Rf1 f5 31. exf5 Re3 32. Rf3 Rxf3 33. Qxf3 Qf6
34. fxg6 hxg6 35. Qg4 Re7 36. f5 Re3 37. Rd2 g5 38. h4 Kh6 39. hxg5+ Qxg5 40.
Qxg5+ Kxg5 41. Kf2 Bb7 42. Bb1 Bc8 43. Rxd4 Re5 44. Rd8 Bxf5 45. Bxf5 Rxf5+ 46.
Kg1 Rxc5 47. Ra8 Rc1+ 48. Kh2 c5 49. Rxa6 b4 50. Kg3 Rc3+ 51. Kf2 c4 52. Ke1
Rc2 53. Kd1 Rxg2 54. Rb6 Rb2 55. Kc1 c3 56. Rb8 Kf6 57. Rf8+ Ke5 58. Re8+ Kd6
59. Rd8+ Kc7 60. Rd4 Kc6 61. a3 bxa3 62. Rc4+ Kb5 63. Rxc3 Kb4 64. Rc8 Kb3 65.
Rb8+ Ka2 66. Ra8 Rb7 67. Kc2 Rc7+ 68. Kd3 Rc5 69. Rb8 Rd5+ 70. Kc2 Rc5+ 1/2-1/2

[Event "Ïåðâåíñòâî Ìîñêâû ïî øàõìàòàì"]
[Site "Ìîñêâà, ÌÃÈÌÎ ïð. Âåðíàäñêîãî,"]
[Date "2018.11.19"]
[Round "2.16"]
[White "Urusov, German"]
[Black "Korolev, Nikolai"]
[Result "1/2-1/2"]
[WhiteElo "1331"]
[BlackElo "1639"]
[PlyCount "140"]
[EventDate "2018.11.18"]

1. d4 d5 2. c4 e6 3. Nf3 Nf6 4. g3 c6 5. Bg2 Bd6 6. O-O O-O 7. Nc3 b6 8. Nd2
Bb7 9. e4 dxe4 10. Ndxe4 Be7 11. b3 Nbd7 12. Bb2 Qc7 13. Qe2 Nxe4 14. Nxe4 c5
15. Rfd1 Rfd8 16. Rd2 cxd4 17. Bxd4 Nc5 18. Rad1 Nxe4 19. Bxe4 Bxe4 20. Qxe4
Rac8 21. Qe3 Rd7 22. Be5 Rxd2 23. Rxd2 Qc6 24. Qd3 f6 25. Bc3 Rd8 26. Qe2 Rxd2
27. Qxd2 Qd6 28. Qxd6 Bxd6 29. f3 f5 30. Kf2 Bc5+ 31. Ke2 Kf7 32. b4 Bg1 33. h3
g6 34. b5 Ke7 35. Be5 Kd7 36. f4 Bc5 37. Kf3 Bd6 38. h4 Bc5 39. a4 h5 40. Ke2
Kc8 41. Bc3 Kd7 42. a5 Kc7 43. a6 Kd7 44. Be5 Kc8 45. Kf3 Bg1 46. Ke2 Bc5 47.
Bc3 Kd8 48. Bd2 Bd4 49. Be3 Bf6 50. c5 Kc7 51. cxb6+ axb6 52. a7 Kb7 53. Bxb6
Bc3 54. Bc5 Ba5 55. b6 Bc3 56. Bf2 e5 57. fxe5 Bxe5 58. Ke3 Bd6 59. Kd4 f4 60.
gxf4 Bxf4 61. Ke4 Bd2 62. Ke5 g5 63. hxg5 Bxg5 64. Kf5 Bd8 65. Bg1 h4 66. Kf4
Be7 67. Ke5 h3 68. Kd5 Bd8 69. a8=Q+ Kxa8 70. Kc6 Bxb6 1/2-1/2

[Event "Ïåðâåíñòâî Ìîñêâû ïî øàõìàòàì"]
[Site "Ìîñêâà, ÌÃÈÌÎ ïð. Âåðíàäñêîãî,"]
[Date "2018.11.19"]
[Round "2.17"]
[White "Kishiev, Famil"]
[Black "Belyaev, Fedor"]
[Result "1-0"]
[WhiteElo "1313"]
[BlackElo "1332"]
[PlyCount "85"]
[EventDate "2018.11.18"]

1. e4 c6 2. d4 d5 3. exd5 cxd5 4. c4 dxc4 5. Bxc4 Nf6 6. Ne2 e6 7. Nbc3 Bb4 8.
Bf4 O-O 9. O-O Nc6 10. a3 Bd6 11. Bxd6 Qxd6 12. Nb5 Qe7 13. Qc2 a6 14. Nbc3 Bd7
15. b4 b5 16. Bd3 Rac8 17. Rac1 h6 18. Qa2 Na7 19. Rfe1 Qd6 20. Bb1 Bc6 21. Qd2
Bb7 22. Qd3 Rfd8 23. Rcd1 Qc6 24. f3 Qc4 25. Qc2 Qc7 26. Rc1 Qd6 27. Qd3 Nc6
28. Red1 e5 29. d5 Ne7 30. Ne4 Nxe4 31. fxe4 Rxc1 32. Nxc1 f5 33. Nb3 Bc8 34.
Qe3 fxe4 35. Bxe4 Bf5 36. Nc5 Bxe4 37. Nb7 Nxd5 38. Nxd8 Qxd8 39. Qxe4 Qb6+ 40.
Kh1 Nc3 41. Qa8+ Kh7 42. Qd8 Qf2 43. Qd3+ 1-0

[Event "Ïåðâåíñòâî Ìîñêâû ïî øàõìàòàì"]
[Site "Ìîñêâà, ÌÃÈÌÎ ïð. Âåðíàäñêîãî,"]
[Date "2018.11.19"]
[Round "2.18"]
[White "Grunin, Denis"]
[Black "Mishin, Matvey"]
[Result "1-0"]
[WhiteElo "1415"]
[BlackElo "1319"]
[PlyCount "85"]
[EventDate "2018.11.18"]

1. d4 d5 2. c4 e6 3. g3 Nf6 4. Bg2 c6 5. Nf3 Be7 6. O-O Nbd7 7. Nc3 O-O 8. Qd3
b6 9. e4 dxe4 10. Nxe4 Nxe4 11. Qxe4 Ba6 12. b3 Rc8 13. Rd1 Nf6 14. Qe3 c5 15.
Bb2 Qc7 16. Ne5 Bb7 17. d5 exd5 18. cxd5 Bd6 19. Nc4 Rfe8 20. Qg5 h6 21. Qh4 b5
22. Nxd6 Qxd6 23. Bxf6 Qxf6 24. Qxf6 gxf6 25. d6 Rb8 26. Rac1 Bxg2 27. Kxg2 Re5
28. f4 Rf5 29. Kf3 Rh5 30. h4 f5 31. Rxc5 Kf8 32. d7 Ke7 33. Re5+ Kf8 34. b4 f6
35. Re6 Kf7 36. Re8 Rxe8 37. dxe8=Q+ Kxe8 38. Rd6 Ke7 39. Ra6 Kd7 40. Rxa7+ Kc6
41. a4 Kb6 42. Rf7 Ka6 43. Rxf6+ 1-0

[Event "Ïåðâåíñòâî Ìîñêâû ïî øàõìàòàì"]
[Site "Ìîñêâà, ÌÃÈÌÎ ïð. Âåðíàäñêîãî,"]
[Date "2018.11.19"]
[Round "2.19"]
[White "Novikov , Fedor"]
[Black "Sokolov, Egor"]
[Result "0-1"]
[WhiteElo "1432"]
[BlackElo "1429"]
[PlyCount "52"]
[EventDate "2018.11.18"]

1. e4 e5 2. Nf3 Nc6 3. Bc4 Bc5 4. O-O Nf6 5. d3 d6 6. h3 h6 7. c3 O-O 8. d4 Bb6
9. Re1 Re8 10. dxe5 Nxe5 11. Nxe5 Rxe5 12. Qc2 d5 13. Rd1 Nxe4 14. Be3 Bxe3 15.
fxe3 Qg5 16. Bf1 Qxe3+ 17. Kh2 Qg3+ 18. Kg1 Ng5 19. Kh1 Bf5 20. Qb3 Nxh3 21.
Rxd5 Qf2 22. Kh2 Qg1+ 23. Kg3 Re3+ 24. Kh4 Qf2+ 25. g3 Qxg3+ 26. Kh5 Qg5# 0-1

[Event "Ïåðâåíñòâî Ìîñêâû ïî øàõìàòàì"]
[Site "Ìîñêâà, ÌÃÈÌÎ ïð. Âåðíàäñêîãî,"]
[Date "2018.11.19"]
[Round "2.20"]
[White "Avetisyan, David"]
[Black "Kropachev, Mikhail"]
[Result "1-0"]
[WhiteElo "1254"]
[BlackElo "1332"]
[PlyCount "39"]
[EventDate "2018.11.18"]

1. c4 c6 2. d4 d5 3. cxd5 cxd5 4. Bf4 Nc6 5. e3 Nf6 6. Nf3 Bf5 7. Nc3 e6 8. Qa4
a6 9. Ne5 Rc8 10. Nxc6 Rxc6 11. Bxa6 Nd7 12. Bb5 Rc8 13. O-O Be7 14. Rac1 g5
15. Bg3 h5 16. Ne2 Rxc1 17. Rxc1 h4 18. Bc7 Qc8 19. Bb6 Qb8 20. Bxd7+ 1-0

[Event "Ïåðâåíñòâî Ìîñêâû ïî øàõìàòàì"]
[Site "Ìîñêâà, ÌÃÈÌÎ ïð. Âåðíàäñêîãî,"]
[Date "2018.11.19"]
[Round "2.21"]
[White "Panichkin, Alexei"]
[Black "Kolobov, Dmitryi"]
[Result "0-1"]
[WhiteElo "1233"]
[BlackElo "1484"]
[PlyCount "74"]
[EventDate "2018.11.18"]

1. e4 e5 2. Nf3 Nc6 3. Bb5 a6 4. Ba4 Nf6 5. d3 b5 6. Bb3 Bc5 7. c3 d6 8. Bg5 h6
9. Bh4 Bg4 10. Bd5 Qd7 11. Bxf6 gxf6 12. Nbd2 Rb8 13. Qc2 Ne7 14. Bb3 a5 15. a3
a4 16. Ba2 Nc6 17. h3 Be6 18. c4 Nd4 19. Nxd4 exd4 20. f4 Qc6 21. f5 Bd7 22. b4
axb3 23. Qxb3 b4 24. O-O Ke7 25. axb4 Rxb4 26. Qc2 Rg8 27. Nb3 Rg3 28. Kh2 Re3
29. Rfe1 Ba7 30. Qd2 Rb8 31. Na5 Qc5 32. Rab1 Rg8 33. Nb7 Qe5+ 34. Kh1 Qg3 35.
Rxe3 dxe3 36. Qe2 Bd4 37. Na5 Be5 0-1

[Event "Ïåðâåíñòâî Ìîñêâû ïî øàõìàòàì"]
[Site "Ìîñêâà, ÌÃÈÌÎ ïð. Âåðíàäñêîãî,"]
[Date "2018.11.19"]
[Round "2.22"]
[White "Isaikin, Valeryi"]
[Black "Matygin, Fedor"]
[Result "1-0"]
[WhiteElo "1417"]
[BlackElo "1242"]
[PlyCount "47"]
[EventDate "2018.11.18"]

1. d4 d6 2. Nf3 Nf6 3. g3 c6 4. Bg2 Bg4 5. O-O Nbd7 6. c4 e6 7. Nbd2 d5 8. Qc2
Be7 9. e4 dxe4 10. Ne5 Nxe5 11. dxe5 Nd7 12. Qxe4 Bf5 13. Qe2 Nc5 14. Ne4 Bxe4
15. Bxe4 Qd4 16. Bg2 Nd7 17. Bf4 g5 18. Rfd1 Qc5 19. b4 Qb6 20. Be3 Qc7 21. Qd2
O-O-O 22. Qc3 Qxe5 23. Bd4 Qf5 24. Bxh8 1-0

[Event "Ïåðâåíñòâî Ìîñêâû ïî øàõìàòàì"]
[Site "Ìîñêâà, ÌÃÈÌÎ ïð. Âåðíàäñêîãî,"]
[Date "2018.11.19"]
[Round "3.1"]
[White "Kolesov, Gordey"]
[Black "Anisimov, Yuryi"]
[Result "1/2-1/2"]
[WhiteElo "1823"]
[BlackElo "1607"]
[PlyCount "83"]
[EventDate "2018.11.18"]

1. d4 Nf6 2. c4 c6 3. Bf4 d5 4. e3 Bf5 5. Nc3 e6 6. Nf3 Bd6 7. Bxd6 Qxd6 8. Bd3
Bxd3 9. Qxd3 Nbd7 10. O-O O-O 11. Rad1 Rad8 12. e4 dxe4 13. Nxe4 Nxe4 14. Qxe4
Nf6 15. Qh4 Qb4 16. b3 c5 17. h3 Qa5 18. dxc5 Qxc5 19. Qf4 Qa5 20. a4 h6 21.
Qe3 a6 22. Ne5 Rxd1 23. Rxd1 Rd8 24. Rxd8+ Qxd8 25. Qa7 Qd1+ 26. Kh2 Qxb3 27.
Qb8+ Kh7 28. Nxf7 Kg6 29. Ne5+ Kh7 30. Qc8 Qxa4 31. Qxe6 Qe8 32. Qf5+ Kg8 33.
Ng4 Nxg4+ 34. hxg4 Qc6 35. c5 a5 36. Qc2 Kh8 37. Qd2 Qxc5 38. Qd8+ Kh7 39. Qd3+
Kg8 40. Qd8+ Qf8 41. Qd5+ Qf7 42. Qxa5 1/2-1/2

[Event "Ïåðâåíñòâî Ìîñêâû ïî øàõìàòàì"]
[Site "Ìîñêâà, ÌÃÈÌÎ ïð. Âåðíàäñêîãî,"]
[Date "2018.11.19"]
[Round "3.2"]
[White "Amirdzhanyan, Vladimir"]
[Black "Godzhurov, Lidzhi"]
[Result "1/2-1/2"]
[WhiteElo "1601"]
[BlackElo "1790"]
[PlyCount "88"]
[EventDate "2018.11.18"]

1. e4 c5 2. Nf3 d6 3. d4 cxd4 4. Qxd4 Nf6 5. Bg5 Nbd7 6. c4 Qc7 7. Nc3 e5 8.
Qd2 a6 9. Be2 Be7 10. O-O h6 11. Be3 O-O 12. Rac1 Nc5 13. Qc2 Be6 14. b4 Ncd7
15. Nd5 Bxd5 16. exd5 Rac8 17. Qb3 a5 18. a3 b6 19. Nh4 Rfe8 20. Nf5 Bf8 21. f4
exf4 22. Rxf4 g6 23. Nd4 Rxe3 24. Qxe3 Nxd5 25. Qf3 Nxf4 26. Qxf4 axb4 27. axb4
d5 28. Qxc7 Rxc7 29. Nb5 Rc8 30. Na7 Re8 31. Bf3 Bxb4 32. Bxd5 Bc5+ 33. Kf1 Nf6
34. Bf3 Ne4 35. Rc2 Be3 36. Ke1 Ng5 37. Be2 Ra8 38. Nb5 Ra1+ 39. Bd1 Bc5 40.
Ke2 Ne6 41. Rd2 Rc1 42. Rc2 Rxc2+ 43. Bxc2 Nd4+ 44. Nxd4 Bxd4 1/2-1/2

[Event "Ïåðâåíñòâî Ìîñêâû ïî øàõìàòàì"]
[Site "Ìîñêâà, ÌÃÈÌÎ ïð. Âåðíàäñêîãî,"]
[Date "2018.11.19"]
[Round "3.3"]
[White "Korolev, Kirill"]
[Black "Kalashnikov, Mihail"]
[Result "0-1"]
[WhiteElo "1505"]
[BlackElo "1252"]
[PlyCount "62"]
[EventDate "2018.11.18"]

1. d4 Nf6 2. Bf4 g6 3. e3 Bg7 4. Bc4 d5 5. Bd3 O-O 6. Nf3 Nc6 7. c3 Bg4 8. Nbd2
Nh5 9. h3 Bxf3 10. Nxf3 Nxf4 11. exf4 Qd6 12. g3 Rfe8 13. O-O f6 14. Qb3 Kh8
15. f5 gxf5 16. Bxf5 e5 17. dxe5 fxe5 18. h4 Rf8 19. Bg4 e4 20. Ng5 Be5 21. Kg2
h6 22. Rh1 hxg5 23. hxg5+ Kg7 24. Rh6 Qc5 25. Qxb7 Qxf2+ 26. Kh1 Ne7 27. Qa6
Bd6 28. Be2 Nf5 29. Rh3 Nxg3+ 30. Rxg3 Rh8+ 31. Rh3 Rxh3# 0-1

[Event "Ïåðâåíñòâî Ìîñêâû ïî øàõìàòàì"]
[Site "Ìîñêâà, ÌÃÈÌÎ ïð. Âåðíàäñêîãî,"]
[Date "2018.11.19"]
[Round "3.4"]
[White "Israfilov, Ali"]
[Black "Maranin, Sergey"]
[Result "1-0"]
[WhiteElo "1904"]
[BlackElo "1370"]
[PlyCount "79"]
[EventDate "2018.11.18"]

1. e4 c5 2. Nf3 e6 3. Nc3 Nc6 4. d4 cxd4 5. Nxd4 Nf6 6. Ndb5 d6 7. Bf4 e5 8.
Bg5 a6 9. Na3 b5 10. Bxf6 gxf6 11. Nd5 f5 12. g3 Be6 13. exf5 Bxf5 14. Bg2 Rc8
15. c3 h5 16. Nc2 h4 17. O-O Bh6 18. Nce3 Be6 19. Qf3 Qg5 20. Nb6 Rc7 21. Ned5
Bxd5 22. Nxd5 Rc8 23. Bh3 f5 24. Qxf5 Qxf5 25. Bxf5 Rb8 26. Be4 Kd7 27. Rfd1
Ne7 28. Nb4 a5 29. Nd3 Ke6 30. a4 Rhc8 31. Bg2 Rc4 32. axb5 Rxb5 33. Bf1 hxg3
34. hxg3 Rb8 35. Nxe5 Rc5 36. Nc4 d5 37. Re1+ Kd7 38. Ne5+ Kc8 39. Bh3+ Kb7 40.
Nd7 1-0

[Event "Ïåðâåíñòâî Ìîñêâû ïî øàõìàòàì"]
[Site "Ìîñêâà, ÌÃÈÌÎ ïð. Âåðíàäñêîãî,"]
[Date "2018.11.19"]
[Round "3.5"]
[White "Andreev, Konstantin"]
[Black "Pudach, Gleb"]
[Result "0-1"]
[WhiteElo "1589"]
[BlackElo "1548"]
[PlyCount "114"]
[EventDate "2018.11.18"]

1. Nf3 c5 2. c4 Nc6 3. b3 Nf6 4. Bb2 d6 5. e3 g6 6. d4 cxd4 7. exd4 Bg7 8. d5
Nb8 9. Nbd2 Nbd7 10. Be2 O-O 11. O-O a6 12. a4 a5 13. Qc2 Nc5 14. Nd4 Bd7 15.
Rad1 Na6 16. Rfe1 Qc7 17. Bf3 Rfe8 18. Ne4 Nxd5 19. Nxd6 exd6 20. Bxd5 Nb4 21.
Qd2 Nxd5 22. cxd5 Qc5 23. Rxe8+ Rxe8 24. Nf3 Bxb2 25. Qxb2 Bf5 26. h3 Qc2 27.
Rd2 Qxb2 28. Rxb2 Rc8 29. Re2 Kf8 30. Ng5 h6 31. Ne4 Rc1+ 32. Kh2 Bxe4 33. Rxe4
Rb1 34. Re3 Rb2 35. Rc3 Kg7 36. f3 Kf6 37. f4 h5 38. h4 Re2 39. Rc7 Re7 40. Rc4
Kf5 41. g3 Kg4 42. f5+ Kxf5 43. b4 Ke5 44. bxa5 Kxd5 45. Rc8 Kd4 46. a6 bxa6
47. Rc6 d5 48. Rxa6 Ke3 49. a5 d4 50. Kg2 Ke2 51. Rf6 d3 52. Rf2+ Kd1 53. Rf1+
Kc2 54. Rf6 d2 55. Rc6+ Kd3 56. a6 d1=Q 57. Rd6+ Ke2 0-1